000 01072nam a2200337 a 4500
001 000110509
003 CHAP
005 20220329144136.0
008 140905s2010 mx a |r| |||||||spa|d
010 _a106971
011 _a107943
020 _a9786079017255
040 _cCHAP
082 0 4 _a861
_bP41
100 1 _aPeniche Castellanos, Álvaro
_d(1905 - 1995)
_9128290
245 0 3 _aEl canario rubio / :
_bbreve poemario /
_cpor Álvaro Peniche Castellanos y Carlos Peniche Ponce.
260 3 _aMéxico :
_bInstituto de Cultura de Yucatán,
_c2010.
300 _a67 p. :
_bil.
590 _aE11695DGD
_b10
_c20140908
_lUCH01
_h0831
590 _aE11695DGD
_b10
_c20140908
_lUCH01
_h0831
590 _aE792CSJ
_b05
_c20140905
_lUCH01
_h1042
590 _aE792CSJ
_b05
_c20140905
_lUCH01
_h1044
590 _aE792CSJ
_b05
_c20140905
_lUCH01
_h1045
600 1 _aPeniche Castellanos, Álvaro
_d(1905 - 1995)
_9128290
650 1 4 _aPoesía.
_990141
650 1 4 _aPoetas.
_990153
700 1 _aPeniche Ponce, Carlos
_9128305
901 _aBK
942 _cLIBRO
942 _n0
999 _c106971
_d106971